Statistics for Edinburgh (EDI) airport destinations

Click here to take the quiz!

General Stats

  • This quiz has been taken 314 times
    (294 since last reset)
  • The average score is 78 of 140

Answer Stats

HintAnswer% Correct
Flybe, british airwaysLondon city
97%
Flybelondon Gatwick
97%
British airwaysLondon Heathrow
97%
EasyjetLondon luton
97%
EasyjetLondon Stansted
97%
Aer lingus, Ryanair, Hainan AirwaysDublin
95%
Easyjet, Iberia ExpressMadrid
92%
American airlines, DeltaNew york JFK
92%
United airlinesNew york Newark
92%
Norwegian AirlinesNew York Stewart
92%
Air FranceParis Charles de Gaulle
92%
Transavia FranceParis - Orly
92%
Norwegian AIrways, Scandinavian AirwaysOslo
91%
FlybeBelfast city
90%
EasyjetBelfast International
90%
RyanairBerlin schonefeld
90%
EasyjetBerlin - Tegal
90%
Easyjet,Aegean AirlinesAthens
88%
Turkish airlinesIstanbul
88%
EasyjetAmsterdam
87%
RyanairBarcelona
87%
Brussels AirlinesBrussels
86%
LoganairIsle of Man
86%
AlitaliaMilan - Linate
86%
AlitaliaMilan - Malpensa
86%
Norwegian air, Scandanavian AirwaysStockholm Arlanda
86%
RyanairStockholm Skavsta
86%
Eurowings, LufthansaMunich
85%
Jet2, EasyjetVienna
85%
FinnairHelsinki
84%
EasyjetLisbon
84%
RyanairWarsaw Modlin
82%
RyanairBudapest
81%
EdelweissZurich
81%
EmiratesDubai
80%
EasyjetNice
80%
Easyjet, Ryanair, Norway air shuttleCopenhagen
79%
Aer lingusCork
79%
FlybeManchester
79%
Air Canada RougeToronto Pearson
78%
FlybeBirmingham
77%
Qatar AirwaysDoha
76%
Jet2Geneva
76%
RyanairPrague
75%
Jet2, EasyjetVenice
74%
RyanairHamburg
73%
Norwegian AirTenerife south
73%
RyanairMarseille
72%
Delta AirlinesBoston
71%
Easyjet, Jet2, RyanairAlicante
70%
United airlinesChicago
70%
Jet2Malaga
70%
EasyjetNaples
70%
EasyjetLyon
69%
Hainan AirwaysBeijing - capital
68%
RyanairPorto
68%
United airlinesWashington DC
68%
FlybeCardiff
67%
Ryanair, EasyjetKrakow
67%
Jet2Ibiza
66%
EasyjetBristol
65%
EurowingsCologne
65%
FlybeSouthampton
64%
Ryanair, EasyjetSeville
63%
RyanairValencia
63%
Easyjet, RyanairSofia
62%
RyanairGran Canaria
60%
RyanairRiga
60%
Ryanair, Jet2Faro
59%
Jet2Turin
57%
TUI, Jet2Mallorca
56%
Aer lingusShannon
56%
Jet2Dubrovnik
54%
RyanairGdansk
54%
American AirlinesPhiladelphia
54%
RyanairTallinn
53%
TUI, RyanairCorfu
52%
RyanairMalta
52%
EasyjetStuttgart
52%
TUILanzarote
51%
Thomson airways, Jet2Rhodes
51%
Jet2Split
51%
RyanairGothenburg
50%
Jet2, CrystalSalzburg
49%
Jet2Heraklion
48%
Austrian Airways, TUIInnsbruck
48%
RyanairMenorca
48%
Jet2Thessaloniki
48%
EasyjetBasel
47%
Fkybe, EasyjetJersey
46%
RyanairNantes
46%
RyanairToulouse
45%
RyanairLuxembourg
43%
Thomson AirwaysOrlando Sanford
42%
RyanairBologna
40%
RyanairBratislava
40%
Jet2Larnaca
39%
Jet2Feurteventura
38%
Jet2Kos
38%
Jet2Funchal
36%
Jet2Verona
36%
RyanairDerry/Londonderry
35%
LoganairKirkwall
35%
FlybeEast Midlands
34%
FlybeExeter
34%
RyanairPisa
34%
LoganairNorwich
33%
Jet2, TUIPaphos
33%
RyanairWroclaw
33%
RyanairKatowice
32%
LoganairGuernsey
31%
LoganairStavanger
30%
LoganairStornoway
30%
RyanairPoznan
29%
TUI, BH AirBurgas
27%
RyanairEindhoven
27%
TUICancun
26%
Jet2Dalaman
24%
Jet2Pula
24%
RyanairBillund
23%
FlybeNewquay
23%
Ryanair, Jet2Girona
22%
Jet2Reus
22%
Jet2Kefalonia
20%
Loganair, FlybeSumburgh
19%
LoganairWick
19%
RyanairCharleroi
18%
FlybeKnock
18%
RyanairKaunus
17%
RyanairSantander
16%
Jet2Zante
14%
LoganairIslay
13%
Jet2Chambery
10%
RyanairKarlsruhe
9%
FlybeBergerac
7%
Wow air, EasyjetReykjavic
7%
LufthansaFrankfrut
5%
RyanairRome Ciampino
5%
RyanairVenice Treviso
2%
RyanairMemmingam
1%

Score Distribution

Percentile by Number Answered

Percent of People with Each Score

Your Score History

You have not taken this quiz since the last reset